Best Soccer Player Ever for Each of the 15 Most Populated Countries - Statistics

General Stats
  • This quiz has been taken 38 times
  • The average score is 4 of 15
Answer Stats
Hint Answer % Correct
Egypt Mohamed Salah
83%
Brazil Pele
83%
United States Landon Donovan
49%
Russia Lev Yashin
49%
Mexico Hugo Sanchez
43%
Nigeria Jay-Jay Okocha
40%
India Sunil Chhetri
9%
Indonesia Cristian Gonzales
0%
Bangladesh Emon
0%
Pakistan Jaffar Khan
0%
Japan Kunishige Kamamoto
0%
Vietnam Le Cong Vinh
0%
China Li Fushyeng
0%
Philippines Paulino Alcantara
0%
Ethiopia Saladin Said
0%
No matching quizzes found
Score Distribution
Percent of People with Each Score
Percentile by Number Answered
Your Score History
You have not taken this quiz